| 000 | 00475nam a22001697a 4500 | ||
|---|---|---|---|
| 999 |
_c165207 _d165207 |
||
| 005 | 20190611163151.0 | ||
| 010 | _a083339 | ||
| 020 | _a8129702703 | ||
| 035 | _a83339 | ||
| 037 | _bPearson Education | ||
| 082 | _a547.04 | ||
| 100 | _aSykes,Peter | ||
| 245 |
_aA guidebook To Mechanism In Organic Chemistry / _cPeter Sykes |
||
| 260 |
_aIndia _bPearson Education _c1986 |
||
| 300 |
_a416p _b(it include index) _c21cm (hbk) |
||
| 942 |
_2ddc _cEN _h547 _mSYK |
||